| 000 | 00782nam a2200253 a 4500 | ||
|---|---|---|---|
| 008 | |||
| 020 | _a0471130184 (cased) | ||
| 049 | _aMAIN | ||
| 090 | _aQA76.5 | ||
| 100 | 1 | _aStakem, Patrick H. | |
| 245 | 1 | 2 |
_aA practitioner's guide to RISC microprocessor architecture / _cPatrick H. Stakem. |
| 246 | 3 | _aRISC microprocessor architecture | |
| 260 |
_aNew York : _bWiley, _cc1996. |
||
| 300 |
_axvi, 400 p. : _bill. ; _c24 cm. |
||
| 500 | _a"A Wiley-Interscience publication." | ||
| 504 | _aIncludes bibliographical references. | ||
| 500 | _aIncludes index. | ||
| 650 | 0 | _aRISC microprocessors. | |
| 907 |
_a.b10057638 _b01-12-03 _c17-04-03 |
||
| 003 | |||
| 005 | 20230123133500.0 | ||
| 040 | _cNUST | ||
| 942 |
_cBOOKS _kQA76.5 |
||
| 999 |
_c149361 _d149361 |
||